Landlocked Countries A-Z - Statistics

General Stats
  • This quiz has been taken 565 times
  • The average score is 15 of 16
Answer Stats
Hint Answer % Correct
A Afghanistan I Andorra I Armenia I Austria I Azerbaijan
99%
B Belarus I Bhutan I Bolivia I Botswana I Burkina Faso I Burundi
99%
L Laos I Lesotho I Liechtenstein I Luxembourg
97%
C Central African Republic I Chad I Czech Republic
96%
M Malawi I Mali I Moldova I Mongolia
96%
N Nepal I Niger I North Macedonia
96%
S San Marino I Serbia I Slovakia I South Sudan I Switzerland
96%
U Uganda I Uzbekistan
96%
Z Zambia I Zimbabwe
96%
K Kazakhstan I Kosovo I Kyrgyzstan
95%
E Eswatini I Ethiopia
93%
R Rwanda
93%
H Hungary
92%
T Tajikistan I Turkmenistan
91%
P Paraguay
90%
V Vatican City
89%
No matching quizzes found
Score Distribution
Percent of People with Each Score
Percentile by Number Answered
Your Score History
You have not taken this quiz